MIGA annual report 2007
This annual report provided the Statistic of the World Bank by the MIGA (The institute promotes foreign direct investment into developing countries to support economic growth, reduce poverty, and improve people's lives.
שמור ב:
| Nhiều tác giả của công ty: | , |
|---|---|
| פורמט: | ספר |
| שפה: | Undetermined |
| יצא לאור: |
Washington, DC 20433
The World Bank
2007
|
| נושאים: | |
| תגים: |
הוספת תג
אין תגיות, היה/י הראשונ/ה לתייג את הרשומה!
|
| Thư viện lưu trữ: | Trung tâm Học liệu Trường Đại học Cần Thơ |
|---|
| LEADER | 00974nam a2200217Ia 4500 | ||
|---|---|---|---|
| 001 | CTU_136414 | ||
| 008 | 210402s9999 xx 000 0 und d | ||
| 082 | |a 332.678 | ||
| 082 | |b W927 | ||
| 110 | |a World Bank Group | ||
| 110 | |b Multilateral Investment Guarantee Agency (MIGA) | ||
| 245 | 0 | |a MIGA annual report 2007 | |
| 245 | 0 | |c World Bank Group. Multilateral Investment Guarantee Agency (MIGA) | |
| 260 | |a Washington, DC 20433 | ||
| 260 | |b The World Bank | ||
| 260 | |c 2007 | ||
| 520 | |a This annual report provided the Statistic of the World Bank by the MIGA (The institute promotes foreign direct investment into developing countries to support economic growth, reduce poverty, and improve people's lives. | ||
| 650 | |a Hỗ trợ kinh tế,Ngân hàng Thế Giới,Economic assistance,World Bank | ||
| 650 | |x Thống kê,Thống kê,Statistics,Statistics | ||
| 904 | |i Trong Hieu | ||
| 980 | |a Trung tâm Học liệu Trường Đại học Cần Thơ | ||